000 00481nam a22001577a 4500
003 SGT
020 _a9788120316287
082 _a512.55,KUM
100 _aKUMARESAN.,S
245 _aLINEAR ALGEBRA A GEOMETRIC APPROACH
260 _aNEW DELHI
_bPHI
_c2014
300 _a2018
650 _aTOPOLOGICAL AND RELATED ALGEBRAS AND GROUPS
653 _aSYSTEMS OF LINEAR EQUATIONS,VECTOR SPACES,LINES AND QUOTIENT SPACES,LINEAR TRANSFORMATIONS,LNNER PRODUCT SPACES,
942 _2ddc
_cFPS
999 _c9420
_d9420